| 000 | 01087nam a22003137a 4500 | ||
|---|---|---|---|
| 001 | 8013 | ||
| 003 | FISKH | ||
| 005 | 20250819080819.0 | ||
| 008 | 250819b cb ||||| |||| 00| 0 eng d | ||
| 020 | _a9781416971986 | ||
| 040 |
_aFISKH _beng _cFISKH _dFISKH |
||
| 050 | _aPZ7.R39245 S | ||
| 082 | _a700 | ||
| 100 | _aRichards, Melinda | ||
| 245 |
_aSave the three little pigs! / _cAdapted by Melinda Richards ; Based on the screenplay by Sascha Paladino ; Illustrated by Alexandria Fogarty, Little Airplane Productions |
||
| 250 | _aThis edition first published in 2009 | ||
| 260 |
_aNew York : _bSimon Spotlight, _c2009 |
||
| 300 |
_a22 unnumbered pages : _bcolor illustrations ; _c23 cm |
||
| 490 |
_aReady to read _v# Pre-Level 1 |
||
| 505 | _aC | ||
| 520 | _aThe Wonder Pets help save the three little pigs in this fun twist on the classic fairytale. | ||
| 521 | 8 |
_a70
_bLexile |
|
| 521 | 8 |
_aC
_bRaz-Plus |
|
| 650 |
_2Classroom Collection _aPigs |
||
| 650 |
_2Pets _aWolf |
||
| 700 |
_aFogarty, Alexandria _dillustrator |
||
| 942 |
_2ddc _cBK _n0 |
||
| 999 |
_c8013 _d8013 |
||